000 00848nam a2200217 a 4500
008 080918s2007 ||||||||||||||||| || u
050 _aIBRD(08)PRWP
100 _aDeininger, Claus
245 1 0 _aRural land certification in Ethiopia: process, initial impact, and implications for other African countries
260 _aWashington, D.C.
_bWorld Bank
_c2007
300 _a30p.
350 _a0.00
490 _aWorld Bank policy research working papers
650 _aLAND REFORM--LAW AND REGISLATION--ETHIOPIA
650 _aLAND USE, RURAL--ETHIOPIA
700 _aHolden, Stein
700 _aZevenbergen, Jaap
700 _aAli, Daniel Ayalew
710 _aWorld Bank
995 _D0.00
_FCBU-MAIN LIBRARY (Kitwe)
_H1
_I0.00
_M4218
_UAVAILABLE
_WSep 18, 2008
_ZInternational Publications
999 _c56829
_d56829